| 000 | 00516cam a2200205ua 4500 | ||
|---|---|---|---|
| 001 | 10303 | ||
| 008 | 180316n ii |||gr||||Z||||||eng | ||
| 020 | _a9788130916002 | ||
| 040 | _cMAIN | ||
| 082 | _a330.015195 | ||
| 100 |
_aSimon, Carl P., _eAuthor. |
||
| 245 |
_aMathematics for economists _cBy Carl P. Simon |
||
| 250 | _a1st Ind. ed. | ||
| 260 |
_aNew Delhi: _bViva books, _c2017. |
||
| 300 | _a930p. | ||
| 653 | _aEconomics | ||
| 653 | _aEconometrics | ||
| 700 |
_aBlume, Lawrence, _eAuthor. |
||
| 942 | _cBK | ||
| 999 |
_c9298 _d9298 |
||